When the capital isn't the star - Statistics

General Stats
  • This quiz has been taken 20 times
    13 since last reset
  • The average score is 8 of 21
Answer Stats
Country City % Correct
Australia Sydney
100%
Brazil Rio de Janeiro
92%
Spain Barcelona
75%
Poland Krakow
75%
Italy Venice
75%
Ukraine Odessa
67%
Switzerland Geneva
58%
Indonesia Denpasar
50%
Saudi Arabia Jeddah
50%
Mexico Tijuana
33%
Bulgaria Varna
33%
Namibia Walvis Bay
17%
Somalia Hargeisa
8%
Jamaica Montego Bay
8%
Cambodia Siem Reap
8%
Tanzania Arusha
0%
Iraq Karbala
0%
Marshall Islands Kwajalein
0%
Micronesia Pohnpei
0%
Belize San Pedro
0%
Cape Verde Santa Maria
0%
No matching quizzes found
Score Distribution
Percent of People with Each Score
Percentile by Number Answered
Your Score History
You have not taken this quiz since the last reset